000 00846nam a2200289 4500
003 OSt
005 20260601193525.0
008 260508b2007 |||ao||| |||| 001 0 eng d
020 _a1856695069
020 _a9781856695060
040 _aICI
_bspa
_cICI
050 _aTS171
_bL44
100 1 _aLefteri, Chris
_935683
245 1 _aMaking it:
_bManufacturing Techniques for Product Design
264 _bLawrence King Publishing
_c2007
_aChina
300 _a240 páginas
336 _atexto
_2rdacontent
337 _asin medio
_2rdamedia
338 _avolumen
_2rdacarrier
500 _aUn libro extraordinario
650 _aiseño de productos
_935684
650 _aManufactura
_935685
650 _aProcesos de fabricació
_935686
650 _aDiseño industrial
_935687
650 _aMateriales industriales
_935688
942 _2lcc
_cB
_n1
999 _c21165
_d21165